Central Library OPAC University of Rajshahi

A university text-book of physics / (Record no. 52529)

MARC details
000 -LEADER
fixed length control field 00845nam a2200265 a 4500
001 - CONTROL NUMBER
control field 52529
003 - CONTROL NUMBER IDENTIFIER
rucl marc code BD-RjUL
005 - DATE AND TIME OF LATEST TRANSACTION
control field 20211209075825.0
008 - FIXED-LENGTH DATA ELEMENTS--GENERAL INFORMATION
fixed length control field 160921s1949 enka b 000 0 eng
035 ## - SYSTEM CONTROL NUMBER
System control number (BD-RjUL)52649
040 ## - CATALOGING SOURCE
Original cataloging agency OU
Transcribing agency OU
Modifying agency OCoLC
-- DLC
-- BD-RjUL
Language of cataloging eng
041 ## - LANGUAGE CODE
Language code of text/sound track or separate title eng
082 ## - DEWEY DECIMAL CLASSIFICATION NUMBER
Edition number 23
Classification number 530
Author mark and year POU 1949
100 1# - MAIN ENTRY--PERSONAL NAME
Personal name Poynting, J. H.
Fuller form of name (John Henry),
Dates associated with a name 1852-1914.
9 (RLIN) 156955
245 12 - TITLE STATEMENT
Title A university text-book of physics /
Statement of responsibility, etc. J. H. Poynting, Sir J. J. Thomson, rev. by W. S. Tucker
250 ## - EDITION STATEMENT
Edition statement 10th ed.
260 ## - PUBLICATION, DISTRIBUTION, ETC. (IMPRINT)
Place of publication, distribution, etc. London :
Name of publisher, distributor, etc. C. Griffin,
Date of publication, distribution, etc. 1949.
300 ## - PHYSICAL DESCRIPTION
Pagination V. :
Illustrations ill. ;
Size 24 cm.
504 ## - BIBLIOGRAPHY, ETC. NOTE
Bibliography, etc Bibliographical footnotes.
505 0# - FORMATTED CONTENTS NOTE
Formatted contents note Vol. 2 Sound --
650 ## - SUBJECT ADDED ENTRY--TOPICAL TERM
Topical term or geographic name as entry element Physics.
9 (RLIN) 157079
700 1# - ADDED ENTRY--PERSONAL NAME
Personal name Thomson, J. J.
Fuller form of name (Joseph John),
Dates associated with a name 1856-1940,
Relator term joint author.
Personal name Tucker, W. S.
942 ## - ADDED ENTRY ELEMENTS (KOHA)
Source of classification or shelving scheme Dewey Decimal Classification
Koha item type Books
Holdings
Lost status Source of classification or shelving scheme Damaged status Not for loan Collection code Permanent Location Current Location Shelving location Date acquired Source of acquisition Total Checkouts Full call number Date last seen Copy number Koha item type
  Dewey Decimal Classification     Non-fiction Central Library, University of Rajshahi Central Library, University of Rajshahi   23/04/1959 British Council   530 POU V-2 1949 21/09/2016 C-2 Books